Kanhoji Angrey, Maratha admiral : (Record no. 129750)

MARC details
000 -LEADER
fixed length control field 00739nam a22002177a 4500
005 - DATE AND TIME OF LATEST TRANSACTION
control field 20170124110102.0
010 ## - LIBRARY OF CONGRESS CONTROL NUMBER
LC control number 154089
020 ## - INTERNATIONAL STANDARD BOOK NUMBER
Terms of availability 00.00
035 ## - SYSTEM CONTROL NUMBER
System control number 154089
037 ## - SOURCE OF ACQUISITION
Source of stock number/acquisition Cen Lib/Ret
040 ## - CATALOGING SOURCE
Original cataloging agency DPL
Language of cataloging EN
082 ## - DEWEY DECIMAL CLASSIFICATION NUMBER
Classification number 954.04
Item number MAL
100 ## - MAIN ENTRY--PERSONAL NAME
Personal name Malgonkar, Manohar
9 (RLIN) 26656
245 ## - TITLE STATEMENT
Title Kanhoji Angrey, Maratha admiral :
Statement of responsibility, etc by Manohar Malgonkar
Remainder of title an account of his life and his battles with the English /
260 ## - PUBLICATION, DISTRIBUTION, ETC. (IMPRINT)
Place of publication, distribution, etc Bombay
Name of publisher, distributor, etc Asia Publishing House
Date of publication, distribution, etc 1959
300 ## - PHYSICAL DESCRIPTION
Extent 303p. :
Dimensions 20cm(Hb)
Other physical details ill.
500 ## - GENERAL NOTE
General note Includes bibliographical references and index
650 ## - SUBJECT ADDED ENTRY--TOPICAL TERM
Topical term or geographic name as entry element Kanhoji Angria, -- active 1690-1729
9 (RLIN) 27289
650 ## - SUBJECT ADDED ENTRY--TOPICAL TERM
Topical term or geographic name as entry element India -- History -- 1500-1765
9 (RLIN) 27291
942 ## - ADDED ENTRY ELEMENTS (KOHA)
Source of classification or shelving scheme Dewey Decimal Classification
Koha item type English Books
Classification part 954.04
Call number suffix MAL
Holdings
Withdrawn status Lost status Damaged status Not for loan Home library Current library Date acquired Source of acquisition Cost, normal purchase price Total Checkouts Total Renewals Full call number Barcode Date last seen Date checked out Copy number Cost, replacement price Price effective from Koha item type
  Lost and Paid For     Central Library Central Library 07/07/2015 Cen Lib/Ret 0.00 2 4 954.04 MAL 154089 23/05/2023 06/04/2023 1 0.00 07/07/2015 English Books

© Delhi Public Library
Hit Counter
free hit counter